| 000 | 00651nam a2200241Ia 4500 | ||
|---|---|---|---|
| 003 | OSt | ||
| 005 | 20221005121344.0 | ||
| 006 | a|||||r|||| 00| 0 | ||
| 007 | ta | ||
| 008 | 221004b |||||||| |||| 00| 0 eng d | ||
| 024 | _a62970 | ||
| 037 | _cTextual | ||
| 040 |
_aCRL _cCRL _beng |
||
| 041 |
_2eng _aeng |
||
| 082 | _aV22:1:L9, C3;2 | ||
| 100 | _aBowring Lewin B | ||
| 245 | 0 |
_aHaider Ali and Tipu Sultan _b And the struggle with the musalman powers of the south. |
|
| 260 | _c1893 | ||
| 490 | _aRulers of India | ||
| 650 | _aHISTORY | ||
| 942 |
_hV22:1:L9, C3;2 _cTEXL _2cc |
||
| 999 |
_c1040884 _d1040884 |
||